KATSEYE all songs (April 2026 update) - Statistics

General Stats
  • This quiz has been taken 1,348 times
    393 since last reset
  • The average score is 12 of 15
Answer Stats
Hint Answer % Correct
Pre-Release (BEAUTIFUL CHAOS) Gnarly
97%
2nd Single from SIS (Soft Is Strong) Touch
95%
Single from SIS (Soft Is Strong) Debut
94%
2nd Stand-Alone Single PINKY UP
94%
2nd Pre-Release (BEAUTIFUL CHAOS) Gabriela
92%
BEAUTIFUL CHAOS Gameboy
84%
BEAUTIFUL CHAOS M.I.A
84%
SIS (Soft Is Strong) My Way
84%
Stand-Alone Single Internet Girl
80%
BEAUTIFUL CHAOS Mean Girls
79%
SIS (Soft Is Strong) I'm Pretty
73%
SIS (Soft Is Strong) Tonight I Might
72%
Other releases Flame
69%
Other releases Time Lapse
49%
Other releases Monster High Fright Song
41%
No matching quizzes found
Score Distribution
Percent of People with Each Score
Percentile by Number Answered
Your Score History
You have not taken this quiz since the last reset